Esprit de corps, démocratie et espace public (notice n° 2184229)
[ vue normale ]
| 000 -LEADER | |
|---|---|
| fixed length control field | 01012cam a2200145 4500500 |
| 005 - DATE AND TIME OF LATEST TRANSACTION | |
| control field | 20260405052307.0 |
| 041 ## - LANGUAGE CODE | |
| Language code of text/sound track or separate title | fre |
| 042 ## - AUTHENTICATION CODE | |
| Authentication code | dc |
| 100 10 - MAIN ENTRY--PERSONAL NAME | |
| Personal name | Guglielmi, Gilles J. |
| Relator term | author |
| 245 00 - TITLE STATEMENT | |
| Title | Esprit de corps, démocratie et espace public |
| 260 ## - PUBLICATION, DISTRIBUTION, ETC. | |
| Name of publisher, distributor, etc. | Presses Universitaires de France,<br/> |
| Date of publication, distribution, etc. | 2005.<br/> |
| 520 ## - SUMMARY, ETC. | |
| Summary, etc. | L’esprit de corps fait depuis longtemps partie du vocabulaire courant mais reste difficile à cerner. Il relève des processus de socialisation qui déterminent tous les groupes humains, il assure d’une certaine cohérence l’idée d’institutionnalisation et à l’inverse est perçu comme à l’origine d’un possible dévoiement du sentiment d’identité professionnelle ou sociale. ce travail collectif met à jour les origines, les ambiguïtés et les modes de fonctionnement de l’esprit de corps. |
| 700 10 - ADDED ENTRY--PERSONAL NAME | |
| Personal name | Haroche, Claudine |
| Relator term | author |
| 856 41 - ELECTRONIC LOCATION AND ACCESS | |
| Uniform Resource Identifier | <a href="https://shs.cairn.info/esprit-de-corps-democratie-et-espace-public--9782130546597?lang=fr&redirect-ssocas=7080">https://shs.cairn.info/esprit-de-corps-democratie-et-espace-public--9782130546597?lang=fr&redirect-ssocas=7080</a> |
Pas d'exemplaire disponible.




Réseaux sociaux